Съчинения (Запис номер 86498)
[ съкратено ]
| 000 -Лидер | |
|---|---|
| Лидер | 01771nam a2200325 a 4500 |
| 003 - Код на организацията, давaща контролен номер | |
| Код на организацията, даваща контролен номер | BLK |
| 005 - Дата и час на последна редакция | |
| Дата и час на последна редакция | 20230728005202.0 |
| 008 - Елементи от данни с фиксирана дължина | |
| Елементи с фиксирана дължина | 180408b bul|||||r ||||||| ||bul|| |
| 040 ## - Източник на каталожния запис | |
| Код на библиотеката | BLK |
| 041 ## - Код за език | |
| Език | Български |
| Език за КДБФ | Български |
| 080 ## - УДК | |
| УДК текст | Българска литература |
| УДК код | 821.163.2 |
| УДК – определител | (081.1) |
| УДК – код + определител | 821.163.2(081.1) |
| 080 ## - УДК | |
| УДК текст | Българска литература |
| УДК код | 821.163.2 |
| УДК – определител | -94 |
| УДК – код + определител | 821.163.2-94 |
| 080 ## - УДК | |
| УДК текст | Трета българска държава (от 1878) |
| УДК код | 94(497.2)"1878..." |
| УДК – определител | (0:82-94) |
| УДК – код + определител | 94(497.2)"1878..."(0:82-94) |
| 100 ## - Редна дума - Автор | |
| Автор | Стоянов, Захарий |
| Биография на автора | Стоянов, Захари |
| Години, свързани с автора | 1850-1889 |
| Пълна форма на името | Джедев, Джендо Стоянов |
| R(LIN) | 364101 |
| 245 10 - Сведения за заглавието | |
| Заглавие | Съчинения |
| Подзаглавни данни | В 7 т. |
| Авторска отговорност | Захарий Стоянов; състав. Тодор Лазаров Ташев. |
| Том | Т. 4 |
| Заглавие на том | Лични свидетелства |
| 257 ## - Страна на издаване | |
| Страна на създаване/издаване | България |
| 260 ## - Област на издателските данни | |
| Име на издателя | Захарий Стоянов |
| Година на издаване | 2008 |
| Печатница | (София : Д. Благоев) |
| Място на издаване | София |
| 300 ## - Физическа характеристика | |
| Брой страници | 855 с. |
| Размер | 22 см |
| 380 ## - Жанр | |
| Жанр | Худож. лит. |
| 500 ## - Общи забележки | |
| Обща забележка | Съдържа и Речник на непознати думи и изрази ; Преименувани географски имена ; Чарството на чардафоните / Димитър Благоев ; Захарий Стоянов и ние / Андрей Пантев ; Няколко думи за ръкописа / Тодор Ташев |
| 700 ## - Други автори (авторска отговорност) | |
| Друг автор | Ташев, Тодор Лазаров |
| Дати, свързани с автора | 1928-2015 |
| 9 (RLIN) | 256017 |
| 852 ## - Местоположение | |
| Сигнатура (форматна) | Цб 242945 |
| 856 4# - Електронен адрес и достъп | |
| Електронен формат | pdf - файл |
| 856 4# - Електронен адрес и достъп | |
| Електронен формат | pdf - файл |
| 942 ## - АРТИКУЛИ | |
| Вид на библиотечния документ | Книги |
| Скрит в OPAC | Не |
| 944 ## - СЪЗДАВАНЕ И РЕДАКЦИЯ на ЗАПИСА | |
| Създаване/Редакция | Създаване |
| Дата на регистрацията/редакция | 26.08.2009 |
| Номер на служител | CRON CRON |
| Служител, извършил регистрацията/редакцията | |
| 944 ## - СЪЗДАВАНЕ И РЕДАКЦИЯ на ЗАПИСА | |
| Създаване/Редакция | Редакция |
| Дата на регистрацията/редакция | 11.08.2017 |
| Служител, извършил регистрацията/редакцията | Виолета_Тройчева |
| 999 ## - СИСТЕМНИ КОНТРОЛНИ НОМЕРА | |
| Koha biblionumber | 86498 |
| Koha biblioitemnumber | 86498 |
| 999 ## - СИСТЕМНИ КОНТРОЛНИ НОМЕРА | |
| Koha biblioitemnumber | 86498 |
| Код за отписване | Код за изгубен артикул | Код за повреда | Коз за рестрикции | Код за отдаване | Артикулен № | Име на библиотеката - собственик | Име на библиотеката, в която се намира в момента | Статус (Текущо местоположение) | Дата на вписване в системата | Местоположение - отдел | Цена в лева | Инвентарен номер | Систематично азбучна сигнатура | Баркод | Номер на екземпляра | Цена в евро | Служебна бележка | Служебен тип на артикула |
|---|---|---|---|---|---|---|---|---|---|---|---|---|---|---|---|---|---|---|
| Не е изгубен | Не е повреден | без рестрикции | ползва се в читалня | 140034 | Регионална библиотека "Любен Каравелов" Русе | Регионална библиотека "Любен Каравелов" Русе | Хранилище | 2009-08-25 | Хранилище | 25.00 | 120000737698 | Цб 242945 | 120000737698 | 1 | 12.78 | Дост: Dp Вид: Д N: 11 Дата: 04.03.2009 | Книги |